| 000 | 00721nam a2200217 a 4500 | ||
|---|---|---|---|
| 001 | 65544 | ||
| 003 | BD-RjUL | ||
| 005 | 20211209081434.0 | ||
| 008 | 170308s1990 ii ||||| |||| 00| d ben d | ||
| 035 | _a(BD-RjUL)65674 | ||
| 040 |
_aBD-RjUL _bben _cBD-RjUL |
||
| 041 | _aben | ||
| 082 |
_a891.442 _bISP 1990 _223 |
||
| 100 | 1 |
_aইসলাম, নজরুল _9176779 |
|
| 245 | 1 | 0 |
_aপুতুলের বিয়ে / _cনজরুল ইসলাম |
| 260 |
_aকলিকাতা : _bডি, এম, লাইব্রেরী, _c১৯৯০ ? |
||
| 300 |
_a৪০ পৃ. ; _c২২ সেমি. |
||
| 650 |
_aবাংলা নাটক _9130744 |
||
| 650 |
_aBengali Drama _9130745 |
||
| 942 |
_2ddc _cBK |
||
| 999 |
_c65544 _d65544 |
||